| 000 | 01042pam a2200325 a 4500 | ||
|---|---|---|---|
| 999 |
_c56770 _d56770 |
||
| 001 | 2806296 | ||
| 005 | 20240426155400.0 | ||
| 008 | 821019s1983 nyua b 001 0 eng | ||
| 010 | _a 82020087 | ||
| 020 |
_a047109563X : _c$35.00 (est.) |
||
| 040 |
_aDLC _cDLC _dDLC |
||
| 050 | 1 | 0 |
_aRC636 _b.P73 1983 |
| 060 | _aWH 100 P895 | ||
| 080 | _a616.1P-90 | ||
| 245 | 0 | 0 |
_aPractical hematology / _cedited by William G. Hocking. |
| 260 |
_aNew York : _bWiley, _cc1983. |
||
| 300 |
_axvi, 275 p. : _bill. ; _c22 cm. |
||
| 440 | 0 |
_aFamily practice today _9275 |
|
| 440 | 2 |
_aA Wiley medical publication _9276 |
|
| 504 | _aIncludes bibliographies and index. | ||
| 650 | 0 |
_aBlood _xDiseases. _9277 |
|
| 650 | 0 |
_aHematology. _9278 |
|
| 650 | 2 |
_aBlood diseases. _9279 |
|
| 653 | _aმედიცინა | ||
| 653 | _aსისხლის დააბადებები | ||
| 653 | _aჰემატოლოგია | ||
| 700 | 1 |
_aHocking, William G. _9280 |
|
| 906 |
_a7 _bcbc _corignew _d1 _eocip _f19 _gy-gencatlg |
||
| 942 |
_2udc _cBK |
||